[Event "Yalta Yialos blitz op"]
[Site "Yalta"]
[Date "2023.08.28"]
[Round "11"]
[White "Postol, Miron"]
[Black "Irikh, Asan"]
[Result "1-0"]
[WhiteElo "1748"]
[BlackElo "1329"]
[PlyCount "51"]
[EventDate "2023.08.28"]
[EventType "swiss (blitz)"]
[EventRounds "13"]
[EventCountry "UKR"]
[SourceTitle "EXT 2024"]
[Source "ChessBase"]
[SourceDate "2023.10.10"]
[SourceVersion "1"]
[SourceVersionDate "2023.10.10"]
[SourceQuality "1"]

1. b3 d5 2. Bb2 c6 3. Nf3 Bg4 4. Ne5 Bh5 5. d4 Nf6 6. Nd2 Nbd7 7. Ndf3 e6 8. e3 Ne4 9. Be2 Qa5+ 10. Kf1 Nxe5 11. Nxe5 Bxe2+ 12. Qxe2 Be7 13. f3 Nd6 14. Kf2 f6 15. Nd3 Qc7 16. Nc5 Qc8 17. c4 b6 18. Nd3 0-0 19. cxd5 exd5 20. Rac1 Qd7 21. Rhe1 Rfe8 22. Kg1 Bf8 23. Ba3 Nf7 24. Bxf8 Kxf8 25. Qf2 Rec8 26. Rc2 1-0

[Event "Yalta Yialos Rapid op"]
[Site "Yalta"]
[Date "2023.08.26"]
[Round "8"]
[White "Postol, Miron"]
[Black "Triapishko, Alexandr"]
[Result "1/2-1/2"]
[WhiteElo "1748"]
[BlackElo "2506"]
[PlyCount "78"]
[EventDate "2023.08.25"]
[EventType "swiss (rapid)"]
[EventRounds "11"]
[EventCountry "UKR"]
[SourceTitle "EXT 2024"]
[Source "ChessBase"]
[SourceDate "2023.10.10"]
[SourceVersion "1"]
[SourceVersionDate "2023.10.10"]
[SourceQuality "1"]

1. e4 c6 2. c4 d5 3. exd5 cxd5 4. cxd5 Nf6 5. Qa4+ Nbd7 6. Nc3 g6 7. Bc4 Bg7 8. Nf3 0-0 9. d3 a6 10. Qa3 b6 11. 0-0 Bb7 12. Be3 b5 13. Bb3 Re8 14. Qb4 Bf8 15. Qd4 Rc8 16. Qf4 Qc7 17. Qxc7 Rxc7 18. d6 exd6 19. Rac1 Nc5 20. Bc2 Ng4 21. Bf4 Ne6 22. Bg3 Rec8 23. a3 Bxf3 24. gxf3 Ne5 25. f4 Nf3+ 26. Kg2 Nfd4 27. Bb1 Bh6 28. Na2 Nxf4+ 29. Bxf4 Bxf4 30. Rxc7 Rxc7 31. Nb4 Rc5 32. h4 a5 33. Na2 Kg7 34. Nc3 b4 35. Ne4 Rc6 36. axb4 axb4 37. b3 d5 38. Ng5 Bxg5 39. hxg5 Rc3 1/2-1/2

[Event "Yalta Yialos op"]
[Site "Yalta"]
[Date "2023.08.20"]
[Round "5"]
[White "Postol, Miron"]
[Black "Nemov, Anton"]
[Result "0-1"]
[WhiteElo "1748"]
[BlackElo "2009"]
[PlyCount "47"]
[EventDate "2023.08.16"]
[EventType "swiss"]
[EventRounds "9"]
[EventCountry "UKR"]
[SourceTitle "EXT 2024"]
[Source "ChessBase"]
[SourceDate "2023.10.10"]
[SourceVersion "1"]
[SourceVersionDate "2023.10.10"]
[SourceQuality "1"]

1. e4 c6 2. d4 d5 3. e5 c5 4. dxc5 Nc6 5. Nf3 Bg4 6. Bb5 Bxf3 7. Qxf3 e6 8. Bxc6+ bxc6 9. b4 Qb8 10. Qc3 a5 11. Ba3 g5 12. g3 Ne7 13. f4 Bg7 14. 0-0 0-0 15. Nd2 f6 16. exf6 Bxf6 17. Qe3 Bxa1 18. Qxe6+ Rf7 19. fxg5 Bd4+ 20. Kg2 Qe8 21. Nf3 Nf5 22. Nxd4 Qxe6 23. Nxe6 Ne3+ 24. Kg1 0-1

[Event "Yalta Yialos op"]
[Site "Yalta"]
[Date "2023.08.19"]
[Round "4"]
[White "Kryakvin, Dmitry"]
[Black "Postol, Miron"]
[Result "1-0"]
[WhiteElo "2471"]
[BlackElo "1748"]
[PlyCount "95"]
[EventDate "2023.08.16"]
[EventType "swiss"]
[EventRounds "9"]
[EventCountry "UKR"]
[SourceTitle "EXT 2024"]
[Source "ChessBase"]
[SourceDate "2023.10.10"]
[SourceVersion "1"]
[SourceVersionDate "2023.10.10"]
[SourceQuality "1"]

1. c4 c6 2. Nf3 d5 3. e3 Nf6 4. Nc3 e6 5. d4 Nbd7 6. b3 Bd6 7. Bb2 0-0 8. Be2 Ne4 9. Qc2 f5 10. Bd3 Qe7 11. h3 a5 12. c5 Bc7 13. Na4 e5 14. 0-0-0 Ng3 15. fxg3 e4 16. g4 exd3 17. Qxd3 fxg4 18. hxg4 Nf6 19. Ne5 Ne4 20. Rdf1 Rxf1+ 21. Rxf1 Bxe5 22. dxe5 Bxg4 23. Bd4 Rf8 24. Rf4 Qh4 25. Rxf8+ Kxf8 26. Qf1+ Kg8 27. Nc3 Nf2 28. Kb2 Qg3 29. Ka3 h5 30. Ka4 Bf5 31. Ne2 Qh4 32. Nf4 Ne4 33. Ka3 Qg5 34. Qe1 Qd8 35. Nxh5 Ng5 36. Qh4 a4 37. b4 Bc2 38. Nf4 Qe7 39. Nh3 Qf8 40. Nf4 Qe7 41. e6 Qd8 42. Qg4 Qe7 43. Qh4 Qd8 44. g3 Be4 45. e7 Qxe7 46. Nh3 Qf8 47. Qxg5 Qf1 48. Qxg7# 1-0

[Event "Yalta Yialos op"]
[Site "Yalta"]
[Date "2023.08.16"]
[Round "1"]
[White "Postol, Miron"]
[Black "Dzigim, Galina"]
[Result "1-0"]
[WhiteElo "1748"]
[BlackElo "1538"]
[PlyCount "107"]
[EventDate "2023.08.16"]
[EventType "swiss"]
[EventRounds "9"]
[EventCountry "UKR"]
[SourceTitle "EXT 2024"]
[Source "ChessBase"]
[SourceDate "2023.10.10"]
[SourceVersion "1"]
[SourceVersionDate "2023.10.10"]
[SourceQuality "1"]

1. d4 e6 2. Nf3 d5 3. g3 c5 4. Bg2 Nc6 5. 0-0 Qb6 6. dxc5 Bxc5 7. c4 d4 8. Nbd2 Nf6 9. Nb3 e5 10. Nxc5 Qxc5 11. e3 0-0 12. exd4 exd4 13. b3 Bg4 14. Bb2 Rad8 15. Qd2 Rd7 16. Ne1 Bf5 17. Nd3 Bxd3 18. Qxd3 a5 19. a3 Rfd8 20. Rfe1 Re8 21. Rxe8+ Nxe8 22. Re1 Nf6 23. f4 Rd8 24. h3 h5 25. Rd1 Qd6 26. Bxc6 bxc6 27. Qxd4 Qxd4+ 28. Rxd4 Rb8 29. Rd3 Ne4 30. Be5 Rb7 31. Kg2 Nc5 32. Rd8+ Kh7 33. Ra8 Nxb3 34. Bc3 a4 35. Rxa4 Nc5 36. Ra5 Ne4 37. Bb4 Nf6 38. Ra6 Rc7 39. Ba5 Rc8 40. Ra7 Kg6 41. Kf3 Ne8 42. c5 Nf6 43. Bc3 Nd5 44. Bd4 f6 45. g4 hxg4+ 46. hxg4 Nc7 47. a4 Ne6 48. f5+ Kh6 49. fxe6 Re8 50. e7 Kg6 51. a5 Kf7 52. a6 Rc8 53. Rb7 Ke8 54. a7 1-0